000 00999nam a2200313 a 4500
001 000000042
003 DO-SdBNP
005 20180328102916.0
007 000000042
008 081112s2007 dr a 000 0 spa d
020 _a9789945161748
020 _a9945161741
040 _aBPMSU
_bspa
_cBPMSU
092 _aRD863.5
_bM296a
100 1 _aManzano, Gina
245 1 3 _aEl árbol del Awí /
_cGina Manzano ; edición Bismar Galán ; ilustraciones Ramiro Alberto Manzano Aybar
260 _a[Santo Domingo] :
_bNew Horizons,
_c2007.
300 _a27 p. :
_bil. ;
_c24 cm.
500 _aIdea original de Diego Santos Manzano
650 4 _aCUENTOS INFANTILES DOMINICANOS
650 4 _aLITERATURA INFANTIL DOMINICANA
700 1 _aGalán, Bismar,
_eed.
700 1 _aManzano Aybar, Ramiro Alberto,
_eil.
700 1 _aRodríguez, Rubén
910 _aReusar registro
942 _2ddc
_cBK
945 _aRemanejado para la BPHU / 2018 VM
956 _aVMATEO
_b10
_c20150706
_lBPMSU
_h0069
999 _c7280
_d7280